000 005920000a22001810004500
003 LK-CoMWRAF
008 230817t2006 ||||| |||| 00| 0 eng d
040 _aLK-CoMWRAF
_dLK-CoMWRAF
_eLK-CoMWRAF
041 _aeng
082 _a362.4
_bDIS
111 _aNATIONAL CONFERENCE ON DISABILITY RIGHTS
_c( BMICH, Colombo
_d22-24 February, 2006)
245 _aReport on the National Conference on Disability Rights
260 _aColombo:
_bHuman Rights Commission of Sri Lanka,
_c2006
300 _a54 p.
650 _aDISABILITY RIGHTS
650 _aHuman rights- Congresses-Sri Lanka
942 _cCP
999 _c1872
_d1872